Chapter 11 Vocab Quiz Stats

 Plays Quiz not verified by Sporcle

Also try: Prefix, Meet Stem!
Challenge
Share
Tweet
Embed
Score 0/49 Timer 10:00
0 Plays Today
English Spanish % Correct
perhapstal vez
100%
there are two of ussomos dos
100%
luckel suerte
100%
to fix the cararreglar el carro
100%
to cookcocinar
100%
to collectcoleccionar
100%
stampslas estampillas
100%
to sewcoser
100%
poesIapoetry
100%
pintarto paint
100%
frecuentefrecuentemente
100%
generalgeneralmente
100%
cerealel cereal
100%
strawberrieslas fresas
100%
eggslos huevos
100%
hamel jamOn
100%
applela manzana
100%
orangela naranja
100%
sausagela salchicha
100%
baconel tocino
100%
butterla mantequilla
100%
juiceel jugo
100%
VOCES = this verb forminfinitive
100%
cheeseel queso
100%
potatoeslas papas
100%
English Spanish % Correct
for recipes use _____ + verbreflexive
100%
to addaNadir
100%
to flipdarle la vuelta
100%
to stir, to mixrevolver
100%
to fryfreIr
100%
to boilhervir
100%
to cutcortar
100%
to express deadline, direction towards a destination, before an infinitive verb, express purpose, plays for, to mepara
100%
express duration, along, by, through, by means of (travel), exchange, playing in place of someone, time periodpor
100%
to be scared of tener miedo de
100%
Emotions -> this verb formsubjunctive
100%
crossword puzzlescrucigramas
100%
it's a pityes una pena
100%
to be sureestar seguro
100%
to doubtdudar que
100%
meanwhilemientras tanto
100%
coinslas monedas
50%
Te aconsejo que goes with this verb formsubjunctive
50%
sugarel azUcar
50%
to be surprised aboutsorprenderse de
50%
to tasteprobar
50%
panla sartEn
0%
potla olla
0%
to be happy aboutalegrarse de
0%

You're not logged in!

Compare scores with friends on all Sporcle quizzes.
OR
Log In

You Might Also Like...

Show Comments

Extras

Created Apr 4, 2011ReportNominate
Tags:Vocabulary Quiz, chapter

Top Quizzes Today


Score Distribution

Your Account Isn't Verified!

In order to create a playlist on Sporcle, you need to verify the email address you used during registration. Go to your Sporcle Settings to finish the process.

Report this User

Report this user for behavior that violates our Community Guidelines.

Details: